Finance : (Record no. 18617)
[ view plain ]
| 000 -LEADER | |
|---|---|
| fixed length control field | 01117nam a22003017a 4500 |
| 005 - DATE AND TIME OF LATEST TRANSACTION | |
| control field | 20201128021126.0 |
| 008 - FIXED-LENGTH DATA ELEMENTS--GENERAL INFORMATION | |
| fixed length control field | 141113t2009 xxuad fr 001 0 eng d |
| 020 ## - INTERNATIONAL STANDARD BOOK NUMBER | |
| International Standard Book Number | 9780071288507 |
| 020 ## - INTERNATIONAL STANDARD BOOK NUMBER | |
| International Standard Book Number | 0071288503 |
| 040 ## - CATALOGING SOURCE | |
| Original cataloging agency | EG-ScBUE |
| 082 00 - DEWEY DECIMAL CLASSIFICATION NUMBER | |
| Edition number | 22 |
| Classification number | 332 |
| Item number | COR |
| 100 1# - MAIN ENTRY--PERSONAL NAME | |
| Personal name | Cornett, Marcia Millon |
| 9 (RLIN) | 13151 |
| 245 10 - TITLE STATEMENT | |
| Title | Finance : |
| Remainder of title | applications & theory / |
| Statement of responsibility, etc | Marcia Millon Cornett, Troy A. Adair Jr., John Nofsinger. |
| 246 3# - VARYING FORM OF TITLE | |
| Title proper/short title | Finance : |
| Remainder of title | applications and theory |
| 250 ## - EDITION STATEMENT | |
| Edition statement | McGraw-Hill international ed. |
| 260 ## - PUBLICATION, DISTRIBUTION, ETC. (IMPRINT) | |
| Place of publication, distribution, etc | New York, United States : |
| Name of publisher, distributor, etc | McGraw-Hill / Irwin, |
| Date of publication, distribution, etc | c.2009 |
| Manufacturer | (Acid-Free Paper) |
| 300 ## - PHYSICAL DESCRIPTION | |
| Extent | xxx, 655 p. : |
| Other physical details | charts, tables ; |
| Dimensions | 28 cm. |
| 490 1# - Series Statement | |
| Series statement | The McGraw-Hill/Irwin series in finance, insurance and real estate |
| 500 ## - GENERAL NOTE | |
| General note | Includes appendixes. |
| 500 ## - GENERAL NOTE | |
| General note | Index : p. 647-655. |
| 650 #0 - SUBJECT ADDED ENTRY--TOPICAL TERM | |
| 9 (RLIN) | 1509 |
| Topical term or geographic name as entry element | Finance |
| 653 ## - INDEX TERM--UNCONTROLLED | |
| Resource For college | BAEPS, Business Administration |
| Arrived date list | November2014 |
| 655 ## - INDEX TERM--GENRE/FORM | |
| Form subdivision | |
| -- | 34232 |
| 700 1# - ADDED ENTRY--PERSONAL NAME | |
| Personal name | Adair, Troy A. |
| Fuller form of name | (Troy Alton), |
| Dates associated with a name | 1964- |
| 9 (RLIN) | 36534 |
| 700 1# - ADDED ENTRY--PERSONAL NAME | |
| Personal name | Nofsinger, John R. |
| 9 (RLIN) | 36535 |
| 830 #0 - SERIES ADDED ENTRY--UNIFORM TITLE | |
| Uniform title | McGraw-Hill/Irwin series in finance, insurance and real estate |
| 942 ## - ADDED ENTRY ELEMENTS (KOHA) | |
| Source of classification or shelving scheme | Dewey Decimal Classification |
| Call number prefix | 332 COR |
| Withdrawn status | Item status | Source of classification or shelving scheme | Damaged status | Not for loan | Vendor | Home library | Current library | Shelving location | Date acquired | Source of acquisition | Cost, normal purchase price | Serial Enumeration / chronology | Total Checkouts | Total Renewals | Full call number | Barcode | Date last seen | Date last borrowed | Cost, replacement price | Koha item type |
|---|---|---|---|---|---|---|---|---|---|---|---|---|---|---|---|---|---|---|---|---|
| Dewey Decimal Classification | Baccah | Central Library | Central Library | First floor | 13/11/2014 | 174.00 | 20677 | 11 | 50 | 332 COR | 000036997 | 17/01/2026 | 22/12/2025 | 217.50 | Book - Borrowing |